| 000 | 00476nam a2200193Ia 4500 | ||
|---|---|---|---|
| 008 | 151121s9999||||xx |||||||||||||| ||und|| | ||
| 082 | _a923।1/DEV | ||
| 082 | _bHNW-51694 | ||
| 100 | _aDevi Gayatri | ||
| 245 | 2 | _aA Princess Remembers | |
| 260 | _bVikas Pub। House Pvt। Ltd। | ||
| 260 | _c-- | ||
| 300 | _a335 | ||
| 600 | _aDevi Gayatri | ||
| 630 | _aA Princess Remembers | ||
| 700 | _aDevi Gayatri | ||
| 730 | _aA Princess Remembers | ||
| 942 | _cBOOK | ||
| 999 |
_c1236020 _d1236017 |
||